Turismo sostenible en Cartagena : (Registro nro. 49071)

Detalles MARC
000 -LEADER
fixed length control field 01874nam a2200265 i 4500
005 - DATE AND TIME OF LATEST TRANSACTION
control field 20250626211118.0
007 - PHYSICAL DESCRIPTION FIXED FIELD--GENERAL INFORMATION
fixed length control field ta
008 - FIXED-LENGTH DATA ELEMENTS--GENERAL INFORMATION
fixed length control field 200622s2025 000 0 eng d
040 ## - CATALOGING SOURCE
Original cataloging agency CO-CtgCURN
Language of cataloging spa
Transcribing agency coctgcurn
Description conventions rda
082 0# - DEWEY DECIMAL CLASSIFICATION NUMBER
Classification number COP 2025
Item number D415
100 1# - MAIN ENTRY--PERSONAL NAME
Personal name Denubila Correa, Oscar Raul,
Relator term author.
Relationship aut
245 10 - TITLE STATEMENT
Title Turismo sostenible en Cartagena :
Remainder of title estrategias para preservar y potenciar la biodiversidad local /
Statement of responsibility, etc. Oscar Raul Denubila Correa; Juan David Calderón González.
260 ## - PUBLICATION, DISTRIBUTION, ETC.
Place of publication, distribution, etc. Cartagena de Indias :
Name of publisher, distributor, etc. Corporación Universitaria Rafael Núñez,
Date of publication, distribution, etc. 2025.
300 ## - PHYSICAL DESCRIPTION
Extent 24 hojas.
336 ## - CONTENT TYPE
Content type term text
Content type code txt
Source rdacontent
337 ## - MEDIA TYPE
Media type term unmediated
Media type code n
Source rdamedia
338 ## - CARRIER TYPE
Carrier type term volume
Carrier type code nc
Source rdacarrier
502 ## - DISSERTATION NOTE
Dissertation note Trabajo de grado (Contador público). Corporación Universitaria Rafael Núñez. Facultad de Ciencias Administrativas y Contables. Programa de Contaduría Pública, 2025.
520 8# - SUMMARY, ETC.
Summary, etc. "Principalmente el problema radica en la presión constante que el turismo ejerce sobre la biodiversidad local en Cartagena, ya que el crecimiento descontrolado del turismo puede resultar en la degradación de los arrecifes de coral, los manglares, áreas protegidas, entorno natural, pérdida de hábitats y disminución de la diversidad biológica. Además, se observa una desconexión entre el desarrollo turístico y la conservación de los ecosistemas locales, lo que plantea la urgencia de establecer estrategias que aborden esta problemática."
650 #0 - SUBJECT ADDED ENTRY--TOPICAL TERM
Topical term or geographic name entry element Contaduría pública
General subdivision Tesis y disertaciones académicas.
700 1# - ADDED ENTRY--PERSONAL NAME
Personal name Calderón González, Juan David.
856 7# - ELECTRONIC LOCATION AND ACCESS
Uniform Resource Identifier <a href="https://unicurn.sharepoint.com/:b:/s/biblioteca/EZfmj8WXxMNOiAp-CKAkyy0BDvuTdwq7GfSOcxkpVcl9qA?e=o4fx1R">https://unicurn.sharepoint.com/:b:/s/biblioteca/EZfmj8WXxMNOiAp-CKAkyy0BDvuTdwq7GfSOcxkpVcl9qA?e=o4fx1R</a>
Public note Click para ver el recurso en texto completo
942 ## - ADDED ENTRY ELEMENTS (KOHA)
Source of classification or shelving scheme Dewey Decimal Classification
Institution code [OBSOLETE] MHC
-- MHC
Koha item type Trabajos de grado
Classification part COP 2025
Item part D415
Existencias
Withdrawn status Lost status Source of classification or shelving scheme Damaged status Not for loan Collection Home library Current library Shelving location Date acquired Total checkouts Full call number Barcode Date last seen Price effective from Koha item type
    Dewey Decimal Classification     Trabajos de grado Miguel Henríquez Castañeda Miguel Henríquez Castañeda Trabajo de grado 06/26/2025   COP 2025 D415 025581 06/26/2025 06/26/2025 Trabajos de grado